Culture, economics, and politics in Latin American social movements theory and research /

Na minha lista:
Detalhes bibliográficos
Autor principal: Escobar, Arturo
Formato: Texto
Tags: Adicionar Tag
Sem tags, seja o primeiro a adicionar uma tag!

MARC

LEADER 00000 a a2200000 04500
001 42872
003
040
100 |a Escobar, Arturo  
245 |a Culture, economics, and politics in Latin American social movements theory and research /  |c Arturo Escobar  
773 |g páginas 62-85  
999 |c 25302  |d 25302